[Event "III Duchamp Open 2019"]
[Site "Rio de Janeiro"]
[Date "2019.12.07"]
[Round "1.11"]
[White "Matsuura, Everaldo"]
[Black "Frankental, David"]
[Result "1-0"]
[WhiteElo "2448"]
[BlackElo "1928"]
[Annotator "TA"]
[PlyCount "69"]
[EventDate "2019.12.07"]
[EventType "swiss"]
[EventCountry "BRA"]
[SourceTitle "playchess.com"]
[Source "ChessBase"]
[SourceQuality "1"]

{[%evp 19,69,38,57,37,56,56,50,56,78,84,114,106,128,119,122,104,151,133,157,161,171,147,140,134,135,105,105,49,129,137,136,84,89,77,131,103,153,130,145,145,140,135,128,137,180,183,452,441,860,746,2039,684]} 1. e4 c5 2. Nf3 Nc6 3. d4 cxd4 4. Nxd4 d6 5. c4 g6 6. Nc3 Bg7 7. Be3 Nf6 8. Be2 O-O 9. O-O Bd7 10. h3 Rc8 11. Nc2 $146 {B38: Sicilian: Maroczy Bind with 5...Bg7 and 7...0-0} (11. Rc1 Qa5 12. Nb3 Qd8 13. c5 Be6 14. cxd6 Qxd6 15. Nc5 b6 16. Qxd6 exd6 17. Nxe6 fxe6 18. Rfd1 Rfd8 19. Bc4 {0-1 (58) Pavlidis,A (2564)-Pavlidis,A (2362) Rio Achaea 2018}) 11... b6 12. Qd2 Na5 13. Na3 {White is slightly better.} Be6 {[%cal Ra5c4]} 14. b3 Qd7 15. Rac1 Ne8 16. Nab5 Nc6 17. f4 {Strongly threatening f5!} f5 18. Bf3 fxe4 19. Nxe4 Kh8 20. Ng5 Bg8 21. Bg4 e6 22. Rfd1 Rd8 23. Ne4 (23. c5 $16) 23... h5 (23... Qe7 $1 $14) 24. Bf3 $16 d5 25. cxd5 (25. Ng5 $142) 25... exd5 26. Ng5 Ne7 (26... Nd6 $142 27. Bxd5 Nf5 28. Bxc6 Qe7) 27. Nd4 $36 {[%mdl 2048] White has strong initiative.} Nf5 28. Nc6 Rc8 {[#]} 29. Ne5 $1 {[%mdl 512]} Bxe5 30. Rxc8 ({Don't take} 30. fxe5 Nxe3 31. Qxe3 Rxc1 $14) 30... Qxc8 31. fxe5 Nxe3 32. Qxe3 Nc7 $2 {[#]} (32... Ng7) 33. e6 $1 $18 {[%mdl 512] White is clearly winning.} Nxe6 (33... Bxe6 $142 34. Rc1 (34. Nxe6 Qxe6 35. Qc3+ {[%mdl 64] Double Attack} Kg8 $14) 34... Kg8) 34. Nxe6 Qxe6 35. Qh6+ {[%mdl 64] Double Attack. Accuracy: White = 66%, Black = 28%.} 1-0

[Event "III Duchamp Open 2019"]
[Site "Rio de Janeiro"]
[Date "2019.12.07"]
[Round "1.12"]
[White "Moccero, Eduardo"]
[Black "Molina, Roberto Junio Brito"]
[Result "0-1"]
[WhiteElo "1927"]
[BlackElo "2448"]
[Annotator "TA"]
[PlyCount "66"]
[EventDate "2019.12.07"]
[EventType "swiss"]
[EventCountry "BRA"]
[SourceTitle "playchess.com"]
[Source "ChessBase"]
[SourceQuality "1"]

{[%evp 11,66,0,0,-22,-45,-24,-30,-39,-29,-36,-21,-20,-20,-14,-23,-24,-33,-34,-12,-29,0,0,0,-53,-56,-113,-125,-129,-74,-64,-64,-63,-72,-144,-132,-141,-128,-137,-131,-259,-254,-253,-229,-231,-216,-216,-216,-217,-217,-245,-251,-255,-214,-230,-212,-212,-214]} 1. d4 Nf6 2. Nf3 g6 3. c4 Bg7 4. Nc3 O-O 5. Bf4 c5 6. e3 cxd4 7. exd4 {E61: King's Indian: Early deviations for White, including Smyslov System} d5 8. h3 (8. Be2 dxc4 9. Bxc4 Bg4 10. O-O Nbd7 11. Be2 Rc8 12. h3 Bf5 13. g4 Be4 14. g5 Nd5 15. Bd2 Nxc3 16. bxc3 {½-½ (37) Yanchenko,R (2436)-Vachier Lagrave,M (2793) chess.com INT 2018}) 8... Nc6 9. Rc1 {Black has an edge.} b6 10. cxd5 $146 ({Predecessor:} 10. Be2 dxc4 11. Bxc4 Bb7 12. a3 Rc8 13. Ba2 Nh5 14. Be3 {0-1 (38) Medeiros,T (1899)-Mekhitarian,K (2556) Pocos de Caldas 2015}) 10... Nxd5 11. Nxd5 Qxd5 {[%mdl 64] [#] Double Attack} 12. Bc4 $1 {[%cal Rc4d5]} Qf5 13. Be3 Bb7 14. O-O Rad8 15. Qe2 Na5 16. Ba6 Bd5 17. Rc7 (17. Ne5 $11) 17... Nc6 $1 $15 18. Bd3 (18. Rc1 $15 Bxf3 19. Qxf3 Qxf3 20. gxf3 Nxd4 21. Bxd4 Rxd4 22. Rxe7) 18... Qe6 $17 19. Bf4 Qxe2 (19... Nxd4 20. Nxd4 Bxd4 21. Rxe7 $15) (19... Bxd4 $6 20. Qxe6 fxe6 21. Nxd4 $11) (19... Bxf3 $142 20. Qxf3 Nxd4) 20. Bxe2 Rc8 21. Rxc8 Rxc8 22. Ba6 (22. Rc1 $142) 22... Rd8 23. Rc1 Bxf3 (23... Nxd4 24. Nxd4 Bxd4 25. Rc7 $17) 24. gxf3 Nxd4 25. Rc7 (25. Bg3 $17) 25... Ne6 $19 {[%mdl 64] [#] Double Attack} ({Resist} 25... Nxf3+ 26. Kg2 $17) 26. Rc4 Rd1+ 27. Kg2 Nxf4+ 28. Rxf4 Bxb2 {KRB-KRB} 29. Bc4 e6 30. Be2 Rd2 31. Kf1 Bd4 32. Ke1 Bc3 {And now ...Rd4+ would win.} ({Weaker is} 32... Rxa2 33. Rxd4 a6 34. Rd7 $11) 33. Rc4 Ba5 {Accuracy: White = 41%, Black = 81%.} ({Stronger than} 33... Rxa2+ 34. Rxc3 Kg7 35. Rc7 $11) 0-1

[Event "III Duchamp Open 2019"]
[Site "Rio de Janeiro"]
[Date "2019.12.07"]
[Round "1.13"]
[White "Zambrana, Oswaldo"]
[Black "Chaves, Jorge Antonio Torres"]
[Result "1-0"]
[WhiteElo "2445"]
[BlackElo "1916"]
[Annotator "TA"]
[PlyCount "73"]
[EventDate "2019.12.07"]
[EventType "swiss"]
[EventCountry "BRA"]
[SourceTitle "playchess.com"]
[Source "ChessBase"]
[SourceQuality "1"]

{[%evp 10,73,-27,-10,38,29,33,16,8,0,8,10,18,-10,-8,-29,-25,-63,-58,-49,-31,-37,-37,-37,-33,-35,-36,-29,-21,-17,20,14,49,44,90,81,238,125,122,131,147,147,149,135,181,216,214,201,308,308,754,751,737,726,875,787,766,735,12835,12835,12828,10177,6419,5995,29971,2991]} 1. e4 c6 2. d4 d5 3. e5 Bf5 4. Nc3 e6 5. g4 Bg6 6. Nge2 a6 {B12: Caro-Kann: Advance Variation} (6... c5 7. h4 h5 8. Nf4 Bh7 9. Nxh5 Nc6 10. dxc5 Bxc5 11. Bg5 Qc7 12. f4 d4 13. Nb5 Qa5+ 14. Qd2 Nb4 15. Na3 Bxc2 16. Nc4 Qa4 17. Kf2 {1-0 (88) Caruana,F (2819)-Grischuk,A (2766) Paris 2019}) 7. h4 {h5 is the strong threat.} h6 8. Nf4 Bh7 {The position is equal.} 9. Bd3 Bxd3 10. Nxd3 Nd7 $146 {[%cal Bb8d7,Bd7c5,Bc5d3][%mdl 32]} ({Predecessor:} 10... Be7 11. h5 Nd7 12. Be3 Qc7 13. f4 c5 14. dxc5 Nxc5 15. Nxc5 Bxc5 16. Bxc5 Qxc5 {0-1 (53) Titichoca Daza,D (2010)-Mendoza,R (2163) Sucre 2018}) 11. Qe2 c5 12. dxc5 Nxc5 13. Bf4 Nxd3+ 14. Qxd3 Bb4 15. a3 Bxc3+ 16. Qxc3 Rc8 17. Qd2 Ne7 18. O-O-O Qc7 19. Kb1 Qc4 20. Rh3 Qc7 21. h5 Kd7 22. Rf3 Nc6 $2 {[#]} (22... Rhd8 $16 {was called for.}) 23. Bg3 (23. c4 $1 $18 {[%cal Rc4d5]} d4 {[#]} 24. Bxh6 $1 {[%mdl 512]} Nxe5 25. Qxd4+ Ke8 26. Bxg7 (26. Re3 Rxh6 27. Rxe5 Qxc4 $16) 26... Nxf3 27. Qd3) 23... Ke8 $16 24. Rc3 Qd7 25. f4 Ne7 26. Bh4 Rxc3 27. Qxc3 ({And not} 27. bxc3 Qb5+ 28. Ka2 Qc4+ 29. Ka1 Nc6 $15) 27... Nc6 28. Qc5 b5 (28... Rf8 $142 29. c4 d4) 29. Rd3 $18 {Strongly threatening Rc3.} g5 $2 (29... Qc7 30. a4 Kd7 31. axb5 axb5) 30. hxg6 fxg6 31. Rc3 g5 32. Qxc6 Qxc6 33. Rxc6 gxh4 34. Rc8+ Kf7 35. Rxh8 Kg7 36. Rc8 h5 37. g5 {Accuracy: White = 63%, Black = 31%.} (37. f5 $142 exf5 38. gxf5 h3 39. f6+ Kf7 40. Rc3 h2 41. Rh3 {[%mdl 64] Double Attack} h1=R+ 42. Rxh1) 1-0

[Event "III Duchamp Open 2019"]
[Site "Rio de Janeiro"]
[Date "2019.12.07"]
[Round "1.14"]
[White "Brito, Vicente De Paulo Ale"]
[Black "Roselli Mailhe, Bernardo"]
[Result "0-1"]
[WhiteElo "1905"]
[BlackElo "2442"]
[Annotator "TA"]
[PlyCount "38"]
[EventDate "2019.12.07"]
[EventType "swiss"]
[EventCountry "BRA"]
[SourceTitle "playchess.com"]
[Source "ChessBase"]
[SourceQuality "1"]

{[%evp 9,62,29,42,0,0,0,0,-5,-7,-8,-8,-95,-95,-95,-90,-97,-96,-95,-96,-177,-167,-189,-180,-567,-560,-560,-559,-561,-555,-532,-472,-556,-558,-742,-772,-780,-774,-1050,-1045,-1392,-1385,-1516,-1433,-2183,-2034,-5102,-5098,-5306,-5306,-29982,-29969,-29993,-29994,-29997,-29998]} 1. e4 c5 2. d4 cxd4 3. c3 g6 4. cxd4 d5 5. e5 Nc6 6. Be3 {B22: Sicilian: 2 c3} (6. Nc3 Nh6 7. h3 f6 8. exf6 exf6 9. Bb5 Bg7 10. Nge2 O-O 11. O-O Nf5 12. Ba4 Be6 13. Nf4 Bf7 14. Nfxd5 Nfxd4 {½-½ (57) Ali Marandi,C (2521)-Jumabayev,R (2621) Chicago 2018}) 6... Nh6 7. Bd3 Nf5 8. Ne2 $146 {The position is equal.} ({Predecessor:} 8. Nf3 Bg7 9. Nc3 O-O 10. O-O f6 11. exf6 Bxf6 12. Bc2 e6 13. Qd2 Bd7 14. Rad1 Qe7 15. Bxf5 gxf5 16. Bg5 Kh8 17. Bxf6+ Qxf6 {½-½ (38) Podobnik,M (2244)-Seeman,T (2429) Dos Hermanas 2004}) 8... Nxe3 9. fxe3 Bh6 10. Nf4 (10. Qd2 $11) 10... Bxf4 $17 11. exf4 Qb6 $36 {[%mdl 2112] [#] Double Attack. Black has strong initiative.} 12. Qd2 Qxd4 13. Nc3 O-O 14. Nb5 {[#]} (14. Rc1 $17 {was called for.}) 14... Qb6 $1 $19 15. a4 a6 16. a5 $2 (16. Nc3 {is more resistant.}) 16... axb5 17. axb6 Rxa1+ 18. Kf2 Rxh1 19. Bxb5 Bd7 {Played: Rh1-b1} 0-1

[Event "III Duchamp Open 2019"]
[Site "Rio de Janeiro"]
[Date "2019.12.07"]
[Round "1.15"]
[White "Von Buelow, Georg"]
[Black "Chaves, Joara"]
[Result "1-0"]
[WhiteElo "2363"]
[BlackElo "1889"]
[Annotator "RC"]
[PlyCount "97"]
[EventDate "2019.12.07"]
[EventType "swiss"]
[EventCountry "BRA"]
[SourceTitle "playchess.com"]
[Source "ChessBase"]
[SourceQuality "1"]
[TimeControl "40/5400+30:1800+30"]

1. Nf3 {[%emt 0:00:00]} Nf6 {[%emt 0:00:47]} 2. c4 {[%emt 0:00:00]} g6 {[%emt 0:00:56]} 3. Nc3 {[%emt 0:00:09]} Bg7 {[%emt 0:01:12]} 4. e4 {[%emt 0:00:14]} d6 {[%emt 0:00:45]} 5. d4 {[%emt 0:00:12]} O-O {[%emt 0:01:45]} 6. Be2 {[%emt 0:00:12]} e5 {[%emt 0:01:11]} 7. Be3 {[%emt 0:00:39]} Ng4 {[%emt 0:02:11]} 8. Bg5 {[%emt 0:00:40]} f6 {[%emt 0:00:07]} 9. Bc1 {[%emt 0:00:52]} Nc6 {[%emt 0:09:14]} 10. d5 {[%emt 0:00:44]} Ne7 {[%emt 0:01:38]} 11. h3 {[%emt 0:00:24]} Nh6 {[%emt 0:00:28]} 12. h4 {[%emt 0:00:24]} c6 {[%emt 0:29:13]} 13. h5 {[%emt 0:05:25]} g5 {[%emt 0:03:26]} 14. Nh2 {[%emt 0:02:51]} cxd5 {[%emt 0:02:48]} 15. cxd5 {[%emt 0:00:48]} Bd7 {[%emt 0:00:32]} 16. g4 {[%emt 0:01:37]} a6 {[%emt 0:12:13]} 17. a4 {[%emt 0:05:12]} Nc8 {[%emt 0:11:44]} 18. Nf1 {[%emt 0:01:27]} Re8 {[%emt 0:05:07]} 19. Ne3 {[%emt 0:00:52]} b6 {[%emt 0:05:01]} 20. Bd2 {[%emt 0:02:27]} Qc7 {[%emt 0:00:20]} 21. O-O {[%emt 0:01:50]} Bf8 {[%emt 0:01:11]} 22. Qb3 {[%emt 0:02:37]} Qb7 {[%emt 0:01:06]} 23. Rfc1 {[%emt 0:02:26]} Be7 24. Na2 {[%emt 0:05:54]} b5 {[%emt 0:05:15]} 25. axb5 {[%emt 0:11:58]} axb5 {[%emt 0:00:39]} 26. Nc3 {[%emt 0:02:45]} Rb8 {[%emt 0:00:42]} 27. f3 {[%emt 0:09:00]} Bd8 {[%emt 0:00:27]} 28. Kg2 {[%emt 0:00:58]} Re7 {[%emt 0:01:12]} 29. Nc2 {[%emt 0:05:34]} Na7 {[%emt 0:00:19]} 30. Nb4 {[%emt 0:01:15]} Bb6 {[%emt 0:00:17]} 31. Nc6 {[%emt 0:01:09]} Rf7 {[%emt 0:01:26]} 32. Nxb8 {[%emt 0:01:55]} Qxb8 {[%emt 0:00:02]} 33. Nxb5 {[%emt 0:03:50]} Nxb5 {[%emt 0:00:20]} 34. Bxb5 {[%emt 0:00:12]} Bd4 {[%emt 0:01:49]} 35. Ra5 {[%emt 0:02:17]} Nxg4 {[%emt 0:00:54]} 36. fxg4 {[%emt 0:00:53]} Bxg4 {[%emt 0:00:06]} 37. h6 {[%emt 0:05:26]} Rf8 {[%emt 0:01:06]} 38. Qc2 {[%emt 0:02:01]} Rc8 {[%emt 0:00:33]} 39. Bc6 {[%emt 0:00:39]} Qxb2 {[%emt 0:00:38]} 40. Qxb2 {[%emt 0:00:38]} Bxb2 {[%emt 0:00:02]} 41. Rb1 {[%emt 0:30:28]} Bd4 {[%emt 0:30:29]} 42. Rb7 {[%emt 0:00:39]} Bh5 {[%emt 0:00:48]} 43. Rg7+ {[%emt 0:01:43]} Kh8 {[%emt 0:00:12]} 44. Bd7 {[%emt 0:01:45]} Rb8 {[%emt 0:01:00]} 45. Bf5 {[%emt 0:01:18]} Bc5 {[%emt 0:00:20]} 46. Rxh7+ {[%emt 0:00:59]} Kg8 {[%emt 0:00:06]} 47. Rg7+ {[%emt 0:00:10]} Kh8 {[%emt 0:00:16]} 48. Rb7 {[%emt 0:04:19]} Rd8 {[%emt 0:00:16]} 49. Rab5 {[%emt 0:00:12]} 1-0

[Event "III Duchamp Open 2019"]
[Site "Rio de Janeiro"]
[Date "2019.12.08"]
[Round "1.16"]
[White "Rodrigues, Nei Jorge"]
[Black "Limp, Eduardo Thelio"]
[Result "0-1"]
[WhiteElo "1880"]
[BlackElo "2356"]
[Annotator "TA"]
[PlyCount "68"]
[EventDate "2019.12.07"]
[EventType "swiss"]
[EventCountry "BRA"]
[SourceTitle "playchess.com"]
[Source "ChessBase"]
[SourceQuality "1"]

{[%evp 16,68,21,20,18,26,41,53,65,-11,119,108,147,82,118,109,141,139,140,123,132,100,101,110,110,101,87,80,64,66,81,84,87,54,58,54,65,65,58,6,20,18,43,0,54,37,38,37,67,33,72,56,76,38,41]} 1. Nf3 d5 2. e3 Nf6 3. c4 e6 4. Nc3 c6 5. b3 Nbd7 6. Bb2 Bd6 7. Qc2 O-O 8. Be2 a6 9. d4 Qe7 {D45: Semi-Slav: 5 e3} (9... b5 10. O-O Bb7 11. Rad1 Rc8 12. Rfe1 Re8 13. Bd3 h6 14. Qb1 Bb8 15. Ne2 Qa5 16. Ng3 dxc4 17. bxc4 c5 18. dxc5 Bxf3 19. gxf3 bxc4 20. Bxc4 Rxc5 {0-1 (61) Mamedyarov,S (2747)-Movsesian,S (2653) Huaian 2016}) 10. O-O dxc4 11. bxc4 e5 12. d5 $146 (12. c5 $14 Bc7 13. h3) ({Predecessor:} 12. Rab1 Re8 13. Nh4 Qf8 14. Nf5 Bc7 15. c5 g6 16. Ng3 Qh6 17. Bf3 Qh4 18. Nce4 {1-0 (18) Halkias,S (2588)-Drazic,S (2535) Vrnjacka Banja 2010}) 12... c5 (12... cxd5 $11 13. Nxd5 (13. cxd5 b5 $11) 13... Nxd5 14. cxd5 b5) 13. e4 Ne8 14. Nd1 (14. a4 $142) 14... Rb8 15. a4 a5 16. Ne3 g6 17. Bd3 f6 18. h4 h5 19. Kh1 Rf7 20. Rg1 Rh7 21. g4 hxg4 22. Rxg4 Kf7 23. Rag1 Nf8 24. R4g3 Ng7 25. R3g2 Nh5 26. Rh2 Bd7 27. Qd1 (27. Be2 $14) 27... b6 28. Bc1 Rb7 29. Ng4 Kg7 ({Black should try} 29... Ke8 $11) 30. Bd2 Qe8 31. Bc2 Qc8 32. Rhg2 Be8 33. Qc1 Re7 34. Rh2 Bd7 {[%mdl 32768] Accuracy: White = 39%, Black = 41%. . Loss on time!?} 0-1

[Event "III Duchamp Open 2019"]
[Site "Rio de Janeiro"]
[Date "2019.12.08"]
[Round "2.1"]
[White "Librelato, Kathie Goulart"]
[Black "Martinez Alcantara, Jose Eduardo"]
[Result "0-1"]
[WhiteElo "2217"]
[BlackElo "2592"]
[Annotator "ChessBase"]
[PlyCount "68"]
[EventDate "2019.12.07"]
[EventType "swiss"]
[EventCountry "BRA"]
[SourceTitle "playchess.com"]
[Source "ChessBase"]
[SourceQuality "1"]
[TimeControl "40/5400+30:1800+30"]

1. e4 {[%emt 0:00:00]} c5 {[%emt 0:00:00]} 2. Nf3 {[%emt 0:00:00]} d6 {[%emt 0:00:22]} 3. d4 {[%emt 0:00:00]} cxd4 {[%emt 0:00:05]} 4. Nxd4 {[%emt 0:00:02]} Nf6 {[%emt 0:00:34]} 5. Nc3 {[%emt 0:00:11]} Nc6 {[%emt 0:02:53]} 6. Bg5 {[%emt 0:00:23]} e6 {[%emt 0:00:05]} 7. Qd2 {[%emt 0:00:35]} a6 {[%emt 0:00:59]} 8. O-O-O {[%emt 0:00:33]} Qb6 {[%emt 0:04:40]} 9. Nb3 {[%emt 0:18:40]} Be7 {[%emt 0:06:53]} 10. f3 {[%emt 0:02:54]} Qc7 {[%emt 0:03:00]} 11. Bf4 {[%emt 0:17:26]} Ne5 {[%emt 0:00:46]} 12. Be2 {[%emt 0:00:41]} Rb8 {[%emt 0:04:29]} 13. g4 {[%emt 0:07:47]} b5 {[%emt 0:00:17]} 14. g5 {[%emt 0:08:57]} Nfd7 {[%emt 0:00:20]} 15. h4 {[%emt 0:01:36]} b4 {[%emt 0:05:54]} 16. Nb1 {[%emt 0:00:43]} a5 {[%emt 0:01:12]} 17. h5 {[%emt 0:07:53]} a4 {[%emt 0:14:07]} 18. Nd4 {[%emt 0:00:42]} Nc4 {[%emt 0:00:55]} 19. Bxc4 {[%emt 0:04:30]} Qxc4 {[%emt 0:00:04]} 20. b3 {[%emt 0:02:44]} axb3 {[%emt 0:00:06]} 21. axb3 {[%emt 0:00:06]} Qc7 {[%emt 0:01:11]} 22. g6 {[%emt 0:10:05]} Nc5 {[%emt 0:01:40]} 23. Qe3 {[%emt 0:13:05]} e5 {[%emt 0:02:20]} 24. h6 {[%emt 0:00:35]} fxg6 {[%emt 0:01:12]} 25. hxg7 {[%emt 0:00:44]} Rg8 {[%emt 0:00:06]} 26. Rxh7 {[%emt 0:00:29]} exf4 {[%emt 0:01:14]} 27. Qxf4 {[%emt 0:00:24]} Ne6 {[%emt 0:01:47]} 28. Qg3 {[%emt 0:01:24]} Bg5+ {[%emt 0:00:27]} 29. Kb2 {[%emt 0:00:29]} Nxd4 {[%emt 0:00:09]} 30. Rxd4 {[%emt 0:00:25]} Bf6 {[%emt 0:00:09]} 31. Qxg6+ {[%emt 0:00:46]} Qf7 {[%emt 0:00:11]} 32. Qg1 {[%emt 0:00:36]} Qa7 {[%emt 0:01:01]} 33. e5 {[%emt 0:00:33]} Qxd4+ {[%emt 0:00:17]} 34. Qxd4 {[%emt 0:00:07]} Bxe5 {[%emt 0:00:03]} 0-1

[Event "III Duchamp Open 2019"]
[Site "Rio de Janeiro"]
[Date "2019.12.08"]
[Round "2.2"]
[White "Supi, Luis Paulo"]
[Black "Alboredo, Julia"]
[Result "1-0"]
[WhiteElo "2578"]
[BlackElo "2184"]
[Annotator "ChessBase"]
[PlyCount "59"]
[EventDate "2019.12.07"]
[EventType "swiss"]
[EventCountry "BRA"]
[SourceTitle "playchess.com"]
[Source "ChessBase"]
[SourceQuality "1"]
[TimeControl "40/5400+30:1800+30"]

1. d4 {[%emt 0:00:00]} Nf6 {[%emt 0:01:43]} 2. c4 {[%emt 0:00:55]} g6 {[%emt 0:00:25]} 3. g3 {[%emt 0:00:15]} Bg7 {[%emt 0:01:11]} 4. Bg2 {[%emt 0:00:04]} O-O {[%emt 0:00:32]} 5. Nc3 {[%emt 0:00:04]} d6 {[%emt 0:00:08]} 6. Nf3 {[%emt 0:00:05]} Nc6 {[%emt 0:01:05]} 7. O-O {[%emt 0:00:08]} a6 {[%emt 0:00:33]} 8. b3 {[%emt 0:01:21]} Rb8 {[%emt 0:02:48]} 9. d5 {[%emt 0:00:28]} Na5 {[%emt 0:02:11]} 10. Bg5 {[%emt 0:00:15]} c5 {[%emt 0:08:29]} 11. dxc6 {[%emt 0:01:35]} bxc6 {[%emt 0:05:40]} 12. c5 {[%emt 0:19:14]} h6 {[%emt 0:16:39]} 13. Bd2 {[%emt 0:04:11]} d5 {[%emt 0:03:11]} 14. Bf4 {[%emt 0:03:38]} Rb4 {[%emt 0:06:13]} 15. Be5 {[%emt 0:08:38]} Nd7 {[%emt 0:12:39]} 16. Bxg7 {[%emt 0:00:22]} Kxg7 {[%emt 0:00:02]} 17. Qd2 {[%emt 0:03:20]} Rb8 {[%emt 0:07:17]} 18. e4 {[%emt 0:03:12]} Nf6 {[%emt 0:10:17]} 19. e5 {[%emt 0:05:05]} Ne4 {[%emt 0:01:09]} 20. Qd4 {[%emt 0:00:55]} Nxc3 {[%emt 0:04:50]} 21. Qxc3 {[%emt 0:00:12]} Kh7 {[%emt 0:01:47]} 22. Nd4 {[%emt 0:00:37]} Qc7 {[%emt 0:00:19]} 23. Rae1 {[%emt 0:01:00]} Nb7 {[%emt 0:04:28]} 24. f4 {[%emt 0:02:16]} f5 {[%emt 0:03:25]} 25. exf6 {[%emt 0:03:16]} exf6 {[%emt 0:00:16]} 26. Re3 {[%emt 0:01:33]} Rf7 {[%emt 0:02:47]} 27. Rfe1 {[%emt 0:01:27]} Bd7 {[%emt 0:00:49]} 28. Re7 {[%emt 0:00:22]} Kg8 {[%emt 0:01:22]} 29. Bh3 {[%emt 0:00:56]} f5 {[%emt 0:00:50]} 30. Ne6 {[%emt 0:00:23]} 1-0

[Event "III Duchamp Open 2019"]
[Site "Rio de Janeiro"]
[Date "2019.12.08"]
[Round "2.3"]
[White "Cezila Jr, Rubens"]
[Black "Cruz, Cristhian"]
[Result "0-1"]
[WhiteElo "2191"]
[BlackElo "2562"]
[Annotator "ChessBase"]
[PlyCount "54"]
[EventDate "2019.12.07"]
[EventType "swiss"]
[EventCountry "BRA"]
[SourceTitle "playchess.com"]
[Source "ChessBase"]
[SourceQuality "1"]
[TimeControl "40/5400+30:1800+30"]

1. e4 {[%emt 0:00:00]} e6 {[%emt 0:00:42]} 2. d4 {[%emt 0:00:00]} d5 {[%emt 0:00:04]} 3. Nc3 {[%emt 0:00:00]} Nf6 {[%emt 0:00:06]} 4. Bg5 {[%emt 0:00:00]} dxe4 {[%emt 0:00:10]} 5. Nxe4 {[%emt 0:00:09]} Be7 {[%emt 0:00:03]} 6. Bxf6 {[%emt 0:00:58]} gxf6 {[%emt 0:00:16]} 7. Nf3 {[%emt 0:01:03]} f5 {[%emt 0:00:27]} 8. Nc3 {[%emt 0:01:40]} a6 {[%emt 0:00:05]} 9. Qe2 {[%emt 0:10:37]} b5 {[%emt 0:00:31]} 10. a3 {[%emt 0:00:15]} Qd6 {[%emt 0:04:54]} 11. O-O-O {[%emt 0:07:47]} Nd7 {[%emt 0:02:33]} 12. d5 {[%emt 0:21:54]} e5 {[%emt 0:01:38]} 13. Re1 {[%emt 0:00:17]} e4 {[%emt 0:01:41]} 14. Nd4 {[%emt 0:00:04]} Nf6 {[%emt 0:02:27]} 15. Nc6 {[%emt 0:06:21]} Nxd5 {[%emt 0:03:43]} 16. Nxd5 {[%emt 0:00:15]} Qxd5 {[%emt 0:01:21]} 17. Nxe7 {[%emt 0:00:05]} Kxe7 {[%emt 0:00:05]} 18. f3 {[%emt 0:07:58]} Qa2 {[%emt 0:15:43]} 19. c3 {[%emt 0:05:15]} Be6 {[%emt 0:05:13]} 20. fxe4 {[%emt 0:00:55]} f4 {[%emt 0:00:13]} 21. Qc2 {[%emt 0:04:16]} Rhg8 {[%emt 0:04:55]} 22. g3 {[%emt 0:22:37]} fxg3 {[%emt 0:00:50]} 23. hxg3 {[%emt 0:00:05]} Rxg3 {[%emt 0:01:06]} 24. Rxh7 {[%emt 0:03:56]} Rd8 {[%emt 0:04:02]} 25. Rh2 {[%emt 0:03:51]} Bb3 {[%emt 0:02:37]} 26. Qb1 {[%emt 0:00:11]} Re3 {[%emt 0:00:19]} 27. Rhe2 {[%emt 0:00:39]} Red3 {[%emt 0:00:12]} 0-1

[Event "III Duchamp Open 2019"]
[Site "Rio de Janeiro"]
[Date "2019.12.08"]
[Round "2.4"]
[White "Hernandez Guerrero, Gilberto"]
[Black "Carraro, Denise"]
[Result "1-0"]
[WhiteElo "2554"]
[BlackElo "2177"]
[Annotator "ChessBase"]
[PlyCount "69"]
[EventDate "2019.12.07"]
[EventType "swiss"]
[EventCountry "BRA"]
[SourceTitle "playchess.com"]
[Source "ChessBase"]
[SourceQuality "1"]
[TimeControl "40/5400+30:1800+30"]

1. e4 {[%emt 0:00:00]} e6 {[%emt 0:04:42]} 2. d3 {[%emt 0:00:30]} c5 {[%emt 0:01:51]} 3. g3 {[%emt 0:00:40]} Nc6 {[%emt 0:00:38]} 4. Bg2 {[%emt 0:00:47]} d5 {[%emt 0:03:22]} 5. exd5 {[%emt 0:06:32]} exd5 {[%emt 0:00:05]} 6. Nc3 {[%emt 0:00:22]} Be6 {[%emt 0:01:58]} 7. Nge2 {[%emt 0:01:23]} Qd7 {[%emt 0:06:39]} 8. Nf4 {[%emt 0:10:34]} Nge7 {[%emt 0:09:32]} 9. O-O {[%emt 0:03:39]} O-O-O {[%emt 0:17:46]} 10. h3 {[%emt 0:07:13]} h6 {[%emt 0:16:16]} 11. a3 {[%emt 0:01:15]} g5 {[%emt 0:00:36]} 12. Nxe6 {[%emt 0:00:41]} fxe6 {[%emt 0:00:02]} 13. b4 {[%emt 0:03:51]} Nf5 {[%emt 0:04:32]} 14. b5 {[%emt 0:06:18]} Nce7 {[%emt 0:02:22]} 15. Rb1 {[%emt 0:03:33]} Ng6 {[%emt 0:10:37]} 16. a4 {[%emt 0:05:16]} Rg8 {[%emt 0:03:01]} 17. Kh1 {[%emt 0:15:39]} Bd6 {[%emt 0:00:21]} 18. Ne2 {[%emt 0:00:31]} Bb8 {[%emt 0:04:11]} 19. d4 {[%emt 0:03:04]} c4 {[%emt 0:06:25]} 20. a5 {[%emt 0:03:55]} Qd6 {[%emt 0:00:37]} 21. Bd2 {[%emt 0:00:24]} h5 {[%emt 0:01:40]} 22. Bxg5 {[%emt 0:04:55]} Rdf8 {[%emt 0:00:59]} 23. b6 {[%emt 0:01:43]} a6 {[%emt 0:00:06]} 24. Bd2 {[%emt 0:05:50]} Rf7 {[%emt 0:00:03]} 25. Nf4 {[%emt 0:04:59]} h4 {[%emt 0:02:14]} 26. Bb4 {[%emt 0:01:50]} Qd8 {[%emt 0:00:29]} 27. Nxg6 {[%emt 0:01:48]} Rxg6 {[%emt 0:01:06]} 28. g4 {[%emt 0:00:10]} Qg5 {[%emt 0:00:58]} 29. Bd2 {[%emt 0:00:32]} Bf4 30. Bxf4 {[%emt 0:00:36]} Qxf4 {[%emt 0:00:03]} 31. c3 {[%emt 0:01:08]} Rfg7 {[%emt 0:00:39]} 32. Qe2 {[%emt 0:00:50]} Nh6 {[%emt 0:01:14]} 33. Rbe1 {[%emt 0:00:38]} Rf6 {[%emt 0:00:45]} 34. Bxd5 {[%emt 0:00:27]} Qd6 {[%emt 0:00:34]} 35. Qxc4+ {[%emt 0:00:38]} 1-0